Die kunst des violinspiels
Uloženo v:
| Hlavní autor: | |
|---|---|
| Médium: | Hudebnina Kniha |
| Jazyk: | němčina |
| Vydáno: |
Berlín
Ries und Erler
1923
|
| Témata: | |
| Tagy: |
Přidat tag
Žádné tagy, Buďte první, kdo vytvoří štítek k tomuto záznamu!
|
MARC
| LEADER | 00000ncm a2200000 a 4500 | ||
|---|---|---|---|
| 001 | UCN6838 | ||
| 003 | CL-VaPUC | ||
| 005 | 20250228122902.0 | ||
| 008 | 011005e19230000GW |||||||||||||||||ger|d | ||
| 999 | |c 297462 |d 297460 | ||
| 040 | |c Pontificia Universidad Católica de Valparaíso | ||
| 082 | 0 | 4 | |a Vn787.2193 FLE 1923 |2 21 |
| 100 | 0 | |a Flesch, Carl |e author |9 462655 | |
| 245 | 1 | 4 | |a Die kunst des violinspiels |
| 260 | |a Berlín |b Ries und Erler |c 1923 | ||
| 300 | |a 170 p | ||
| 583 | |a last modification |c 20011005 00:00:00 |k Rodrigo Vera | ||
| 650 | 0 | |a Violín |x Técnicas de ejecución |9 462624 | |
| 650 | 0 | |a Violín |x Estudio y ejercicios |9 462626 | |
| 650 | 0 | |a Violín |x Estudio e instrucción |9 462623 | |
| 650 | 0 | |a Violín |x Interpretación |9 462625 | |
| 650 | 0 | |a Música para violín |9 357613 | |
| 942 | |c BK |2 ddc | ||
| 945 | |d 20011005 00:00:00 |a lriquelm | ||
| 952 | |0 0 |1 0 |2 ddc |4 0 |6 VN_787_219300000000000_FLE_1923 |7 0 |8 F |9 352229 |a BIBEDU |b BIBEDU |d 2019-11-21 |i 1170996 |o Vn787.2193 FLE 1923 |p 1170996 |r 2023-11-22 |w 2019-11-21 |y PA |k MUS | ||